Elements in the Caesar Cipher - Statistics

General Stats
  • This quiz has been taken 5 times
  • The average score is 13 of 20
Answer Stats
Cipher Element % Correct
Dfwlqlxp Actinium
100%
Dujrq Argon
100%
Erurq Boron
100%
Eurplqh Bromine
100%
Frshuqlflxp Copernicium
100%
Iohurylxp Flerovium
100%
Jrog Gold
100%
Kroplxp Holmium
100%
Kbgurjhq Hydrogen
100%
Lqglxp Indium
100%
Lrglqh Iodine
100%
Odzuhqflxp Lawrencium
100%
Pdqjdqhvh Manganese
100%
Prvfrylxp Moscovium
100%
Qhrq Neon
100%
Qlkrqlxp Nihonium
100%
Qlrelxp Niobium
100%
Rvplxp Osmium
100%
Rabjhq Oxygen
100%
Srwdvvlxp Potassium
100%
Surphwklxp Promethium
100%
Surwdfwlqlxp Protactinium
100%
Udgrq Radon
100%
Vlolfrq Silicon
100%
Vloyhu Silver
100%
Vrglxp Sodium
100%
Vxoixu Sulfur
100%
Whooxulxp Tellurium
100%
Wlq Tin
100%
Wlwdqlxp Titanium
100%
Bwwulxp Yttrium
100%
Clufrqlxp Zirconium
100%
Elvpxwk Bismuth
50%
Fdgplxp Cadmium
50%
Fkorulqh Chlorine
50%
Sdoodglxp Palladium
50%
Vhderujlxp Seaborgium
50%
Doxplqlxp Aluminium
0%
Dphulflxp Americium
0%
Dqwlprqb Antimony
0%
Duvhqlf Arsenic
0%
Dvwdwlqh Astatine
0%
Edulxp Barium
0%
Ehunholxp Berkelium
0%
Ehuboolxp Beryllium
0%
Erkulxp Bohrium
0%
Fdhvlxp Caesium
0%
Fdoflxp Calcium
0%
Fdoliruqlxp Californium
0%
Fduerq Carbon
0%
Fhulxp Cerium
0%
Fkurplxp Chromium
0%
Fredow Cobalt
0%
Frsshu Copper
0%
Fxulxp Curium
0%
Gdupvwdgwlxp Darmstadtium
0%
Gxeqlxp Dubnium
0%
Gbvsurvlxp Dysprosium
0%
Hlqvwhlqlxp Einsteinium
0%
Huelxp Erbium
0%
Hxurslxp Europium
0%
Ihuplxp Fermium
0%
Ioxrulqh Fluorine
0%
Iudqflxp Francium
0%
Jdgrolqlxp Gadolinium
0%
Jdoolxp Gallium
0%
Jhupdqlxp Germanium
0%
Kdiqlxp Hafnium
0%
Kdvvlxp Hassium
0%
Kholxp Helium
0%
Lulglxp Iridium
0%
Lurq Iron
0%
Nubswrq Krypton
0%
Odqwkdqxp Lanthanum
0%
Ohdg Lead
0%
Olwklxp Lithium
0%
Olyhuprulxp Livermorium
0%
Oxwhwlxp Lutetium
0%
Pdjqhvlxp Magnesium
0%
Phlwqhulxp Meitnerium
0%
Phqghohylxp Mendelevium
0%
Phufxub Mercury
0%
Probeghqxp Molybdenum
0%
Qhrgbplxp Neodymium
0%
Qhswxqlxp Neptunium
0%
Qlfnho Nickel
0%
Qlwurjhq Nitrogen
0%
Qreholxp Nobelium
0%
Rjdqhvvrq Oganesson
0%
Skrvskruxv Phosphorus
0%
Sodwlqxp Platinum
0%
Soxwrqlxp Plutonium
0%
Srorqlxp Polonium
0%
Sudvhrgbplxp Praseodymium
0%
Udglxp Radium
0%
Ukhqlxp Rhenium
0%
Ukrglxp Rhodium
0%
Urhqwjhqlxp Roentgenium
0%
Uxelglxp Rubidium
0%
Uxwkhqlxp Ruthenium
0%
Uxwkhuiruglxp Rutherfordium
0%
Vdpdulxp Samarium
0%
Vfdqglxp Scandium
0%
Vhohqlxp Selenium
0%
Vwurqwlxp Strontium
0%
Wdqwdoxp Tantalum
0%
Whfkqhwlxp Technetium
0%
Whqqhvvlqh Tennessine
0%
Whuelxp Terbium
0%
Wkdoolxp Thallium
0%
Wkrulxp Thorium
0%
Wkxolxp Thulium
0%
Wxqjvwhq Tungsten
0%
Xudqlxp Uranium
0%
Ydqdglxp Vanadium
0%
Ahqrq Xenon
0%
Bwwhuelxp Ytterbium
0%
Clqf Zinc
0%
No matching quizzes found
Score Distribution
Percent of People with Each Score
Percentile by Number Answered
Your Score History
You have not taken this quiz